00692cam a22002171a 4500001001300000003000400013005001700017008004100034010001700075035002000092040005300112042001200165050001500177100003900192245006700231260006300298300002900361504005100390650001600441999001700457ne 63002254 DLC20260227111751.0910805s1963 ua a b 000 0 ararc ane 63002254  a(OCoLC)24177362 aPrinceton Univ. Libr. for DLCcMWalBdMWalBdDLC apremarc00aHA29b.N852 aNūr al-Dīn, Sulaymān,d1925-13aal-Taḥlịl al-iḥṣāʻī /cSalaymān Nūr al-Dīn. a[al-Qāhirah]bDār al-Nahḍah al-ʻArabīyah,c[1963] a305 p. :bill. ;c24 cm. aIncludes bibliographical references (p. [306]) 0aStatistics. c46379d46379